000 00684nam a2200229Ia 4500
999 _c36014
_d36014
001 1913
003 GE_BSU
005 20221010114925.0
008 181216s2006ru xx |||||||||||||| ||rus||
020 _a5276007497
040 _cGE_BSU
041 _arus
080 _a347.7(075.8) Ш-51
100 _aШестаков, А.В.
_915175
245 _aКонкурсное право :
_bУчебное пособие /
_cА.В. Шестаков,
250 _a2-е изд, стереот
264 _aМосква :
_bМГИУ,
_c2006.
300 _a456 с.
_b19 см.
653 _aКонкурсное право.
653 _aსამართალი
942 _cBK
_2udc